Catálogo
 En Linea

Bello y Caracas : (Registro nro. 9787)

Detalles MARC
000 -CABECERA
campo de control de longitud fija 00725cam a2200169 a 4500
001 - NÚMERO DE CONTROL
campo de control 000010028
005 - FECHA Y HORA DE LA ÚLTIMA TRANSACCIÓN
campo de control 20200929161816.0
008 - DATOS DE LONGITUD FIJA--INFORMACIÓN GENERAL
campo de control de longitud fija 810918s1979 ve b 100 0 spa d
040 ## - FUENTE DE LA CATALOGACIÓN
Centro catalogador/agencia de origen DO-SdBNP
Lengua de catalogación spa
Centro/agencia modificador BNPHU
082 ## - NÚMERO DE LA CLASIFICACIÓN DECIMAL DEWEY
Número de clasificación 928.87
Número de documento/Ítem B446
111 2# - ENTRADA PRINCIPAL--NOMBRE DE CONGRESO/REUNIÓN
Nombre de congreso/reunión o jurisdicción como elemento de entrada Congreso del bicentenario
Número del congreso/reunión o número de parte o sección (1:
Fecha del congreso/reunión 1979 : 19- 21 de feb.
Sede del congreso/Lugar de la reunión Caracas, Venezuela)
9 (RLIN) 24983
245 10 - MENCIÓN DE TÍTULO
Título Bello y Caracas :
Resto del título primer congreso del bicentenario.
260 ## - PUBLICACIÓN, DISTRIBUCIÓN, ETC.
Lugar de publicación, distribución, etc. Caracas :
Nombre del editor, distribuidor, etc. Fundación La Casa de Bello,
Fecha de publicación, distribución, etc. 1979.
300 ## - DESCRIPCIÓN FÍSICA
Extensión 473 p. ;
Dimensiones 23 cm.
500 ## - NOTA GENERAL
Nota general Congreso organizado por la Fundación La Casa de Bello y la Comisión Nacional para la Celebración del Bicentenario de Don Andrés Bello.
504 ## - NOTA DE BIBLIOGRAFÍA, ETC.
Nota de bibliografía, etc. Incluye referencias bibliográficas y notas al pie de las páginas.
Existencias
Estado de retiro Estado de pérdida Restricciones de uso No para préstamo Código de colección Localización permanente Ubicación/localización actual Ubicación en estantería Fecha de adquisición Número de inventario Total de préstamos Signatura topográfica completa Código de barras Fecha visto por última vez Precio válido a partir de Tipo de ítem Koha Número de copia
      Excluido de préstamo Monografías: Libros y Folletos General General Depósito 02.10.2009 LF1   928.87 B446 10028-10 25.06.2020 25.06.2020 No se presta  
      Excluido de préstamo Monografías: Libros y Folletos General General Depósito 21.04.2010 LF1   928.87 B446 10028-20 25.06.2020 25.06.2020 No se presta e. 2
  Extraviado     Monografías: Libros y Folletos General General Extraviado 22.05.2017 LF1   928.87 B446 10028-30 25.06.2020 25.06.2020 Préstamo en sala e. 3

Con tecnología Koha